Statistics for 2-Letter Chain Link #4

Click here to take the quiz!

General Stats

  • This quiz has been taken 31 times
  • The average score is 7 of 30

Answer Stats

HintAnswer% Correct
Art of paper foldingOrigami
81%
Caviar sourceSturgeon
56%
Its capital is NaypyidawMyanmar
52%
Mythical aquatic creatureMermaid
48%
Group of islandsArchipelago
44%
Native of NaplesNeapolitan
44%
Book after NumbersDeuteronomy
41%
Capital of SaskatchewanRegina
41%
Snake-likeSerpentine
41%
Person guiding the journeyNavigator
33%
Deadly poisonCyanide
30%
Site of crucifixionGolgotha
30%
Superman's hometownSmallville
30%
Spirit of the ageZeitgeist
26%
Black Sea portOdessa
22%
Capone's given nameAlphonse
19%
Italian general and nationalistGaribaldi
19%
Mush from Anchorage to NomeIditarod
19%
DevilishDiabolical
15%
Location for flight operationsAerodrome
11%
Thing out of timeAnachronism
7%
Cause atoms to lose electronsOxidize
7%
Finnish designer EeroSaarinen
7%
To shrink from widescreenLetterbox
4%
Thin, translucent paperOnionskin
4%
Battle site of 480 B.C.Thermopylae
4%
To delight in the extremeEnrapture
0%
Very small marginHairsbreadth
0%
Inspire with intense passionInfatuate
0%
Government by scientistsTechnocracy
0%

Score Distribution

Percentile by Number Answered

Percent of People with Each Score

Your Score History

You have not taken this quiz